KeyChamp

KeyChamp is the market-leading text & software program for building keyboarding speed in the shortest possible time! This versatile speed-building program can be used in any keyboarding class after the alphabetic keys have been learned. Focusing on speed rather than errors, KeyChamp measures and...

ver descrição completa

Na minha lista:
Detalhes bibliográficos
Autor principal: Walter M. Sharp
Outros Autores: Walter M. Sharp; Anthony A. Olinzock; Otto Santos
Idioma:Undetermined
English
Publicado em: South-Western, Division of Thomson Learning 2004
Assuntos:
Tags: Adicionar Tag
Sem tags, seja o primeiro a adicionar uma tag!
Thư viện lưu trữ: Trung tâm Học liệu Trường Đại học Trà Vinh
LEADER 01130nam a2200229Ia 4500
001 TVU_14721
008 210423s9999 xx 000 0 und d
020 |a 538433949 
041 |a eng 
082 |a 652.3 
082 |b W103 
100 |a Walter M. Sharp 
245 0 |a KeyChamp 
245 0 |c Walter M. Sharp, Anthony A. Olinzock, Otto Santos 
260 |b South-Western, Division of Thomson Learning 
260 |c 2004 
300 |a 58Tr 
300 |c 14x26 cm + 
520 |a KeyChamp is the market-leading text & software program for building keyboarding speed in the shortest possible time! This versatile speed-building program can be used in any keyboarding class after the alphabetic keys have been learned. Focusing on speed rather than errors, KeyChamp measures and analyzes diagraphs (two-keystroke combinations). And to help correct these technique errors, a diagnostic tool built-right-in to the software provides progress reports and areas of improvement. 
650 |a KeyChamp; Walter M. Sharp 
700 |a Walter M. Sharp; Anthony A. Olinzock; Otto Santos 
980 |a Trung tâm Học liệu Trường Đại học Trà Vinh